| 000 | 00674nam a22002417a 4500 | ||
|---|---|---|---|
| 003 | UA-OsUOA | ||
| 001 | 51045 | ||
| 007 | ta | ||
| 008 | 20140717b un ||||| |||| 00| 0 ukr d | ||
| 100 | _aМалик Я. | ||
| 090 |
_a929 _bМ19 |
||
| 942 | _cBR | ||
| 040 |
_aUA-OsUOA _bukr _cUA-OsUOA _dUA-OsUOA |
||
| 245 | _aКатерина Грушевська | ||
| 300 | _a32 с. | ||
| 955 | _a1 | ||
| 041 | _aukr | ||
| 080 | _a929 | ||
| 260 |
_aЛьвів _bЛДУ _c1991 |
||
| 650 | 7 |
_a9 Географія. Біографії. Історія _2UDC |
|
| 999 |
_c431194 _d431194 |
||